Zafarnama / (Record no. 63321)

MARC details
000 -LEADER
fixed length control field 01804nam a22002897a 4500
005 - DATE AND TIME OF LATEST TRANSACTION
control field 20100811102945.0
010 ## - LCCN (DPL NO)
LC control number B-454050 B-463166-170
020 ## - INTERNATIONAL STANDARD BOOK NUMBER
International Standard Book Number 9780670085569
Terms of availability 350.00
035 ## - SYSTEM CONTROL NUMBER
System control number B-454050 B-463166-170
037 ## - SOURCE OF ACQUISITION
Source of stock number/acquisition R.B.C/Ven
082 ## - DEWEY DECIMAL CLASSIFICATION NUMBER
Classification number 881
100 ## - MAIN ENTRY--PERSONAL NAME
Personal name Guru gobind Singh
245 ## - TITLE STATEMENT
Title Zafarnama /
Statement of responsibility, etc by Guru Gobind Singh ; translated by Navtej Sarna
260 ## - PUBLICATION, DISTRIBUTION, ETC. (IMPRINT)
Place of publication, distribution, etc New Delhi
Name of publisher, distributor, etc Penguin Books
Date of publication, distribution, etc 2011
270 ## - ADDRESS
Address 11 Community Centre,Panchsheel Park,
City New Delhi
Postal code 110017
300 ## - PHYSICAL DESCRIPTION
Extent xxxii,113p.
Dimensions 21cm (Hb)
700 ## - ADDED ENTRY--PERSONAL NAME
Personal name Sarna, Navtej
9 (RLIN) 42810
942 ## - ADDED ENTRY ELEMENTS (KOHA)
Source of classification or shelving scheme Dewey Decimal Classification
Item type English Books
Call number suffix GUR
Classification part 881
Holdings
Withdrawn status Lost status Not for loan Collection code Home library Current library Date acquired Source of acquisition Cost, normal purchase price Full call number Barcode Copy number Cost, replacement price Koha item type
      Non-fiction Central Library Central Library 27/02/2012 RBC Pub/26777/20.10.2011/07/15.09.11/30.11.11 350.00 881 GUR B-454050 1 350.00 English Books
      Non-fiction Janak Puri Janak Puri 04/09/2012 RBC/27575/13.02.2012/26/18.01.2012/15.02.2012 350.00 881 GUR B-463167 1 350.00 English Books
      Non-fiction Karol Bagh Karol Bagh 04/09/2012 RBC/27575/13.02.2012/26/18.01.2012/15.02.2012 350.00 881 GUR B-463169 1 350.00 English Books
      Non-fiction Patel Nagar Patel Nagar 04/09/2012 RBC/27575/13.02.2012/26/18.01.2012/15.02.2012 350.00 881 GUR B-463166 1 350.00 English Books
      Non-fiction Sarojini Nagar Sarojini Nagar 04/09/2012 RBC/27575/13.02.2012/26/18.01.2012/15.02.2012 350.00 881 GUR B-463168 1 350.00 English Books
      Non-fiction Shahdara Branch Shahdara Branch 04/09/2012 RBC/27575/13.02.2012/26/18.01.2012/15.02.2012 350.00 881 GUR B-463170 1 350.00 English Books

© Delhi Public Library
Hit Counter
free hit counter